| 000 | 01349nam a2200337 a 4500 | ||
|---|---|---|---|
| 001 | 86516 | ||
| 003 | BD-RjUL | ||
| 005 | 20260519114913.0 | ||
| 008 | 260519s1904 enk b 000 0 enm | ||
| 035 | _a(BD-RjUL)86516 | ||
| 040 |
_aDLC _cDLC _dDLC _dBD-RjUL _beng |
||
| 041 | 1 |
_aenm _alat |
|
| 082 | 0 | 0 |
_223 _a873.04 _bALP 1904 |
| 130 | 0 |
_aAlphabetum narrationum. _lEnglish. _918531 |
|
| 245 | 1 | 3 |
_aAn alphabet of tales / _cedited by Mary Macleod Banks. |
| 260 |
_aLondon : _bEarly English Text Society _c1904 |
||
| 300 |
_a260 p. ; _c22 cm. |
||
| 336 |
_atext _btxt _2rdacontent |
||
| 337 |
_aunmediated _bn _2rdamedia |
||
| 338 |
_avolume _bnc _2rdacarrier |
||
| 490 | 1 | _aEarly English Text Society. Original series ; | |
| 500 | _a"English 15th century translation of the Alphabetum narrationum once attributed to Etienne de Besançon"--Facsim. t.p. | ||
| 500 | _aReprint. Originally published in 2 vols.: London : Published for the Early English Text Society by Kegan, Paul, Trench, TrĂ¼ber, 1904. | ||
| 504 | _aIncludes bibliographical references. | ||
| 505 | 0 | 1 | _aPart. I, A-H-- |
| 650 | 0 |
_aExempla. _918532 |
|
| 650 | 0 |
_aChristian literature, Latin (Medieval and modern) _xTranslations into English. _918533 |
|
| 700 | 1 |
_aBanks, Mary Macleod, _d-1914. _918534 |
|
| 830 | 0 |
_aEarly English Text Society (Series). _918536 |
|
| 942 |
_2ddc _cBK |
||
| 999 |
_c86516 _d86516 |
||